Intimate violence: Jewish testimonies on victims and perpetrators in Eastern Galicia
| Titel: | Intimate violence: Jewish testimonies on victims and perpetrators in Eastern Galicia / Natalia Aleksiun |
|---|---|
| Verfasser: | |
| In: |
Holocaust studies, Band 23, Heft 1-2 (2017), Seite 17-33 alle Artikel anzeigen Jews and gentiles in Central and Eastern Europe during the Holocaust, Band 23, Heft 1-2 (2017), Seite 17-33 alle Artikel anzeigen |
| Veröffentlicht: | 2017 |
| Format: | Aufsatz |
| Sprache: | Englisch |
X
alg: 49374493
001A $03025:26-04-22
001B $01999:26-04-22 $t23:18:15.000
001D $03025:26-04-22
001U $0utf8
001X $00
002@ $0Oou
002C $aText $btxt $2rdacontent
002D $aComputermedien $bc $2rdamedia
002E $aOnline-Ressource $bcr $2rdacarrier
003@ $0493744932
007A $0493744932 $aHEB
009Q $uhttps://doi.org/10.1080/17504902.2016.1209833 $xH
010@ $aeng
010E $erda
011@ $a2017
021A $aIntimate violence: Jewish testimonies on victims and perpetrators in Eastern Galicia $hNatalia Aleksiun
028A $BVerfasser $4aut $7128415363 $8Aleksiun, Natalia$Z1971- [Tp1] $9158925483
031A $d23 $e1-2 $h17-33 $j2017
039B $aEnthalten in $8--Obvc--. Holocaust studies. - Abingdon {[u.a.] : Routledge, 2005-. - Online-Ressource. - ISSN 2048-4887 $x201700000230001983 $9303643609
039B $aEnthalten in $8--Aau--. Jews and gentiles in Central and Eastern Europe during the Holocaust. - London : Routledge, 2018. - ix, 230 Seiten. - 1 Illustration, 1 Diagramm. - ISBN 978-1-138-06132-3 $9419319042
044K $RGalizien $#Galizien, Ost $#Galizien Ukraine $#Schidna Halyčyna $#Galicja Wschodnia $74092612-6 $8Ostgalizien [Tg1] $9085259608
044K $RMacht $#Violence $#Violence $#Violencia $#Gewalt $#Gewalt $74020832-1 $8Gewalt [Ts1] $9085050555
044K $RJudenverfolgung $RNationalsozialistisches Verbrechen $RVernichtungslager $#Holocaust, Jewish (1939-1945) $#Shoah $#Holocausto judío (1939-1945) $#Endlösung $#Holocaust $#Holokaust $#Judenfrage Endlösung $#Schoah $#Shoah $#Shoʾah $#Shoa $#Drittes Reich Judenvernichtung $#Šô'ā $#Juden Vernichtung $74073091-8 $8Judenvernichtung [Ts1] $9085205818
044K $RStrafverfahren $#Kriegsverbrecher Strafverfahren $74033154-4 $8Kriegsverbrecherprozess [Ts1] $9085088609
044K $#Race relations $#Relations interethniques $#ethnische Beziehungen $#Ethnische Beziehung $#Rassenbeziehung $#Rassenbeziehungen $74176973-9 $8Ethnische Beziehungen [Ts1] $908583369X
045F $a909.049240943809044 $eDDC23BSB
045F/01 $a909.04924
045F/03 $f09044
045F/03 $g438
045F/03 $g4386
045R $aGeschichte 1941-1949
045T $a8 $a1
045T $aJUDAICA $qDE-30 $2FID
lok: 49374493 78
exp: 49374493 78 1 #EPN
201B/01 $026-04-22 $t14:45:10.000
201C/01 $026-04-22
201U/01 $0utf8
203@/01 $01196321582
208@/01 $a26-04-22 $be
209A/01 $a/ $f000 $x00
209A/01 $ab*p $x01
209A/01 $aBetr. auch nach dem Krieg in Breslau, Waldenburg, Hirschberg und Brieg lebende Überlebende des Holocaust sowie Kollaborateure $x03
209A/01 $aEnglische Zusammenfassung, Seite 17 $x04
220C/01 $apgar
244Z/01 $#Generalgouvernement Polen $#Polska $#Rzeczpospolita Polska $#Polska Rzeczpospolita Ludowa $#Poland $#Pologne $#République Polonaise $#Generalne Gubernatorstwo w Polsce $#Polish People's Republic $#Polska Rzeczpospolita Polen $#PRL $#RP $#Polen Generalgouvernement $#Polska Generalgouvernement $#Besetzte Polnische Gebiete $#Besetztes Gebiet in Polen $#Okupowane Polskie Obszary $#Obszary Okupowane w Polsce $#Volksrepublik Polen $#Polska Rosyjska $#Republic Polen $#Respublika Pol'ša $#Pol'skaja Narodnaja Respublika $#République de Pologne $#Polen Links der Weichsel $#Polska po Lewej Stronie Wisły $#Lenkija $#Polija $#Gubernija Carstva Pol'skago $#Republik Polen $74046496-9 $8--Tg1--Polen $x01 $9085129801
244Z/01 $#Schlesien $#Schlesien $#Herzogtum Schlesien $#Herzogtum Schlesien Schlesien $#Provinz Schlesien $#Śla̜sk $#Slezsko $#Silesia $74052678-1 $8--Tg1--Schlesien $x02 $9085146781
244Z/01 $#Breslau $#Wrocław $#Wrotizla $#Breßlau $#Breßlaw $#Vroclav $#Vratislav $#Vratislavia $#Vratislauiae $#Bresslau $#Wratislavia $#Brassel $#Bresla $#Wratislava $#Smirna $#Breslavia $#Wroclaw $74008216-7 $8--Tg1--Breslau $x03 $9085014184
244Z/01 $7120046-X $8--Tg1--Wałbrzych $x04 $9040704556
244Z/01 $#Hirschberg im Riesengebirge $#Hirschberg $#Hirschberg in Schlesien $#Jelení Hora $#Hiršberk $#Hornšperk $#Herschbrig $#Herschbrich $715523-8 $8--Tg1--Jelenia Góra $x05 $9040264858
244Z/01 $75031491-9 $8--Tg1--Brzeg $x06 $9044474563
247C/01 $82080>Marburg/Lahn, Herder-Institut, Forschungsbibliothek, Bibliographieportal $9336309341
| LEADER | 00000caa a2200000 c 4500 | ||
|---|---|---|---|
| 001 | 493744932 | ||
| 003 | DE-603 | ||
| 005 | 20220426231815.0 | ||
| 007 | cr|||||||||||| | ||
| 008 | 220426s2017 xx |||| o| u00||u|eng c | ||
| 035 | |a (DE-599)HEB493744932 | ||
| 040 | |a DE-603 |b ger |c DE-603 |d DE-603 |e rda | ||
| 041 | |a eng | ||
| 082 | 0 | 4 | |8 1\u |a 909.049240943809044 |q DE-101 |2 23/BSB |
| 084 | |a 8 |a 1 |2 ssgn | ||
| 084 | |a JUDAICA |q DE-30 |2 fid | ||
| 085 | |8 1\u |b 909.04924 | ||
| 085 | |8 1\u |z 1 |s 09044 | ||
| 085 | |8 1\u |z 2 |s 438 | ||
| 085 | |8 1\u |z 2 |s 4386 | ||
| 100 | 1 | |a Aleksiun, Natalia |d 1971- |e Verfasser |4 aut |0 (DE-603)158925483 |0 (DE-588)128415363 |2 gnd | |
| 245 | 0 | 0 | |a Intimate violence: Jewish testimonies on victims and perpetrators in Eastern Galicia |c Natalia Aleksiun |
| 264 | 0 | |c 2017 | |
| 336 | |a Text |b txt |2 rdacontent | ||
| 337 | |a Computermedien |b c |2 rdamedia | ||
| 338 | |a Online-Ressource |b cr |2 rdacarrier | ||
| 648 | 7 | |a Geschichte 1941-1949 |2 gnd | |
| 650 | 7 | |a Gewalt |0 (DE-588)4020832-1 |0 (DE-603)085050555 |2 gnd | |
| 650 | 7 | |a Judenvernichtung |0 (DE-588)4073091-8 |0 (DE-603)085205818 |2 gnd | |
| 650 | 7 | |a Kriegsverbrecherprozess |0 (DE-588)4033154-4 |0 (DE-603)085088609 |2 gnd | |
| 650 | 7 | |a Ethnische Beziehungen |0 (DE-588)4176973-9 |0 (DE-603)08583369X |2 gnd | |
| 651 | 7 | |a Ostgalizien |0 (DE-588)4092612-6 |0 (DE-603)085259608 |2 gnd | |
| 773 | 0 | 8 | |i Enthalten in |t Holocaust studies |d Abingdon [u.a.] : Routledge, 2005- |h Online-Ressource |x 2048-4887 |g Band 23, Heft 1-2 (2017), Seite 17-33 |w (DE-603)303643609 |w (DE-600)2668830-X |
| 773 | 0 | 8 | |i Enthalten in |t Jews and gentiles in Central and Eastern Europe during the Holocaust |d London : Routledge, 2018 |h ix, 230 Seiten, 1 Illustration, 1 Diagramm |z 9781138061323 |g Band 23, Heft 1-2 (2017), Seite 17-33 |w (DE-603)419319042 |
| 856 | |u https://doi.org/10.1080/17504902.2016.1209833 |x Verlag | ||
| 924 | 1 | |9 2080 |a (DE-603)1196321582 |b DE-2080 |c HES |d d |g / | |


